Building type basics for research laboratories

Bibliographic Details
Main Author: Watch, Daniel D.
Format: Book
Language:English
Published: New York : John Wiley & Sons, Inc , c2001
Subjects:

MARC

LEADER 00000cam a2200000 7i4500
001 0000014913
005 20230720.0
008 050128 nyu eng
020 |a 0471392367 (hbk) 
040 |a INS 
090 0 0 |a NA6751   |b .W38 2001 
100 1 |a Watch, Daniel D. 
245 1 0 |a Building type basics for research laboratories   |c Daniel D. Watch 
260 |a New York :   |b John Wiley & Sons, Inc ,   |c c2001 
300 |a xi, 275 p. :   |b ill. (some col.) ;   |c 24 cm. 
504 |a Includes bibliographical references and index 
650 0 |a Architecture, Modern   |y 20th century 
650 0 |a Laboratories   |x Design and construction 
999 |a 0000014742   |b BOOK   |c Open Shelf   |e Default branch